Color studies. (Record no. 11018)

000 -LEADER
fixed length control field 01109cam a2200313 i 4500
001 - CONTROL NUMBER
control field 17699707
005 - DATE AND TIME OF LATEST TRANSACTION
control field 20221229185159.0
008 - FIXED-LENGTH DATA ELEMENTS--GENERAL INFORMATION
fixed length control field 130416s2014 nyua 000 0 eng
010 ## - LIBRARY OF CONGRESS CONTROL NUMBER
LC control number 2013938058
020 ## - INTERNATIONAL STANDARD BOOK NUMBER
International Standard Book Number 9781609015312 (paperback)
040 ## - CATALOGING SOURCE
Original cataloging agency DLC
Language of cataloging eng
Description conventions rda
Transcribing agency DLC
Modifying agency DLC
042 ## - AUTHENTICATION CODE
Authentication code pcc
050 00 - LIBRARY OF CONGRESS CALL NUMBER
Classification number ND1488
Item number .F45 2014
082 00 - DEWEY DECIMAL CLASSIFICATION NUMBER
Classification number 701/.85
Edition number 23
100 1# - MAIN ENTRY--PERSONAL NAME
Personal name Feisner, Edith Anderson.
245 10 - TITLE STATEMENT
Title Color studies.
250 ## - EDITION STATEMENT
Edition statement Third edition /
Remainder of edition statement Edith Anderson Feisner, retired faculty, visiting specialist, Montclair State University, Ron Reed, assistant professor, Texas State University.
264 #1 - PRODUCTION, PUBLICATION, DISTRIBUTION, MANUFACTURE, AND COPYRIGHT NOTICE
Place of production, publication, distribution, manufacture New York :
Name of producer, publisher, distributor, manufacturer Fairchild Books,
Date of production, publication, distribution, manufacture, or copyright notice 2014.
300 ## - PHYSICAL DESCRIPTION
Extent xvi, 279 pages :
Other physical details illustrations (chiefly color) ;
Dimensions 28 cm
336 ## - CONTENT TYPE
Content type term text
Content type code txt
Source rdacontent
337 ## - MEDIA TYPE
Media type term unmediated
Media type code n
Source rdamedia
338 ## - CARRIER TYPE
Carrier type term volume
Carrier type code nc
Source rdacarrier
650 #0 - SUBJECT ADDED ENTRY--TOPICAL TERM
Topical term or geographic name entry element Color.
650 #0 - SUBJECT ADDED ENTRY--TOPICAL TERM
Topical term or geographic name entry element Color in art.
700 1# - ADDED ENTRY--PERSONAL NAME
Personal name Reed, Ron.
906 ## - LOCAL DATA ELEMENT F, LDF (RLIN)
a 7
b cbc
c orignew
d 2
e epcn
f 20
g y-gencatlg
925 0# -
-- acquire
-- 1 shelf copy
-- policy default
955 ## - COPY-LEVEL INFORMATION (RLIN)
-- xl04 2015-03-20
Holdings
Withdrawn status Lost status Source of classification or shelving scheme Damaged status Not for loan Permanent Location Current Location Date acquired Source of acquisition Cost, normal purchase price Barcode Date last seen Cost, replacement price Price effective from Koha item type
          BMS College of Architecture, Design and Planning BMS College of Architecture, Design and Planning 2023-03-06 9 5426.40 AR-UG2798 2023-03-06 7752.00 2023-03-06 UG Books
Copyright © 2025, The Librarian, Library and Information Centre, BMSCA D&P, Bengaluru. All Rights Reserved
web counter

Powered by Koha